Praktikum z interného auditu

Gespeichert in:
Bibliographische Detailangaben
1. Verfasser: Vépyová, Mária
Weitere Verfasser: Kastlerová, Sylvia, Tumpach, Miloš, 1970-, Csanyi, Gabriel, Barbuš, Juraj
Format: Buch
Sprache:Slowakisch
Veröffentlicht: Žilina Georg 2013
Ausgabe:1. vyd.
Schlagworte:
Tags: Tag hinzufügen
Keine Tags, Fügen Sie das erste Tag hinzu!

MARC

LEADER 00000nam a2200000 4500
001 0182994
005 20240502073129.2
020 |a 978-80-8154-030-1 
041 0 |a slo 
044 |a SK 
245 1 0 |a Praktikum z interného auditu  |c Mária Vépyová, Sylvia Kastlerová ; recenzenti Miloš Tumpach, Gabriel Csanyi, Juraj Barbuš 
250 |a 1. vyd. 
264 1 |a Žilina  |b Georg  |c 2013 
300 |a 110 s. [6,3 AH] 
610 2 0 |a revízia účtovná 
610 2 0 |a audit interný 
610 2 0 |a doklady účtovné 
610 2 0 |a majetok hmotný 
610 2 0 |a majetok nehmotný 
610 2 0 |a odpisy 
610 2 0 |a zásoby 
610 2 0 |a cestovné 
610 2 0 |a fond sociálny 
610 2 0 |a výsledok hospodársky 
610 2 0 |a dotácie 
610 2 0 |a štúdie prípadové 
100 1 |a Vépyová, Mária 
700 1 |a Kastlerová, Sylvia 
700 1 |a Tumpach, Miloš, 1970- 
700 1 |a Csanyi, Gabriel 
700 1 |a Barbuš, Juraj